Tributos de los 10º Juegos del Hambre - Estadísticas

Estadísticas generales
  • Esta prueba ha sido intentada 9 veces
  • La puntuación promedio es 15 de 24
Estadísticas de respuestas
Distrito Tributo % Correcto
Lucy Baird
100%
12 Jessup Diggs
78%
Lamina
78%
2 Marcus
78%
11 Reaper Ash
78%
Coral
67%
Dill
67%
Wovey
67%
8 Bobbin
56%
Brandy
56%
3 Circ
56%
5 Hy
56%
4 Mizzen
56%
9 Panlo
56%
Sheaf
56%
Sol
56%
10 Tanner
56%
Teslee
56%
7 Treech
56%
Velvereen
56%
1 Facet
44%
Ginnee
44%
6 Otto
44%
Sabyn
44%
No se encontraron pruebas coincidentes
Distribución de puntuación
Porcentaje de gente con cada puntuación
Porcentaje por número respondido
Historial de tus puntuaciones
No has intentado esta prueba.